Carne; producción y tecnología /
Guardado en:
| Autor Principal: | |
|---|---|
| Formato: | Libro |
| Publicado: |
Buenos Aires :
Cafade,
1960.
|
| Series: | Publicación Técnica, 1
|
| Materias: | |
| Etiquetas: |
Agregar Etiqueta
Sin Etiquetas, Sea el primero en etiquetar este registro!
|
| LEADER | 00505nam a22001815a 4500 | ||
|---|---|---|---|
| 001 | CEM.cems003152 | ||
| 008 | 130507s1960####ag############000#0#####d | ||
| 005 | 20210825202930.0 | ||
| 003 | CEMS | ||
| 245 | 1 | 0 | |a Carne; producción y tecnología / |c John Hammond |
| 260 | |a Buenos Aires : |b Cafade, |c 1960. | ||
| 300 | |a 160 p. | ||
| 490 | 0 | |a Publicación Técnica, 1 | |
| 100 | 1 | |a Hammond, John | |
| 082 | 0 | 4 | |a 636.2 |
| 653 | |a Bovinos | ||
| 653 | |a Ganaderia | ||
| 859 | |a CEMS |b BIB. CEMS - Agricultura |h 636.2 |i H184 |p A7148.79 |t Ej.1 | ||
